000 00217nam a22000857a 4500
008 161202b xxu||||| |||| 00| 0 eng d
100 _91723
_aIMPULSE
245 _aI get it all you want to know
260 _aMUMBAI
_bP.P
_c2010
999 _c4435
_d4435